Online Catalogue and eLibrary

Is sexual harassment a problem at Sri Lankan workplaces? / (Record no. 544)

MARC details
000 -LEADER
fixed length control field 00640cam a2200217 a 4500
001 - CONTROL NUMBER
control field 14552448
005 - DATE AND TIME OF LATEST TRANSACTION
control field 20240305022830.0
008 - FIXED-LENGTH DATA ELEMENTS--GENERAL INFORMATION
fixed length control field 060915s2005 ce bs 000 0 eng
020 ## - INTERNATIONAL STANDARD BOOK NUMBER
ISBN 9556070435
040 ## - CATALOGING SOURCE (பட்டியலாக்க மூலம்)
Original cataloging agency DLC
Transcribing agency DLC
Modifying agency DLC
082 ## - DDC Classification
DDC Edition Number 22
Class No. 323,34
Item Number - Author Mark Aro.
100 1# - MAIN ENTRY--PERSONAL NAME
Personal name Adikaram, Arosha S.
245 10 - TITLE STATEMENT
Title Is sexual harassment a problem at Sri Lankan workplaces? /
Statement of responsibility, etc. by Arosha S. Adikaram.
260 ## - PUBLICATION, DISTRIBUTION, ETC.
Place of publication, distribution, etc. Colombo :
Name of publisher, distributor, etc. Friedrich Ebert Stiftung,
Date of publication, distribution, etc. 2005.
300 ## - PHYSICAL DESCRIPTION
Extent (e.g. Volumes, Pages etc.) xvii, 194 p. ;
490 0# - SERIES STATEMENT
Series statement SLFI/FES research paper ;
490 0# - SERIES STATEMENT
Series statement FES publication ;
650 #0 - SUBJECT ADDED ENTRY--TOPICAL TERM
Topical term or geographic name entry element Sexual harassment of women
650 #0 - SUBJECT ADDED ENTRY--TOPICAL TERM
Topical term or geographic name entry element Women employees
942 ## - Koha item type (Biblio)
Koha item type Books in Stacks (Lending)
Holdings
Lost status Damaged status Collection code Home library Current library Date acquired Full call number Accession Number Item type
    Lending WERC Library WERC Library 03/05/2024 323,34 Aro. 5770 Books in Stacks (Lending)

© WERC Library